00584nam a2200217Ia 4500003000900000008004100009020001800050040001600068080002000084100001500104245008500119250001200204260003500216300001000251650001500261650002400276650001800300650001700318700001500335700001600350IN-BaIIA211028s9999 xx 000 0 eng d a0-86442-321-7 cIIA Library a910.4(540)bFIN aFinlay, H. 0aIndia - a lonely planet travel survival kit.cH. Finlay, T. Wheeler and B.Thomas a6th ed. aAustraliabLonely Planetc1996 a1144p aGuidebooks aIndia Tourist Guide aTourist Guide aTravel Guide aThomas, B. aWheeler, T.